| 000 | 00353 a2200169 4500 | ||
|---|---|---|---|
| 001 | 182578 | ||
| 020 | _a85-00-00574-2 | ||
| 040 | _cMagnum | ||
| 100 | _aGuimaraes, Bernardo | ||
| 240 | 1 | 0 |
_aA escrava Isaura _lpor |
| 245 | 1 | 0 | _aA escrava Isaura |
| 300 | _a192 | ||
| 362 | 0 | _a2002 | |
| 440 | 1 | _aEdiouro | |
| 697 | _aLITERATURA GERAL | ||
| 942 | _cBK | ||
| 999 |
_c182578 _d182578 |
||